| 000 | 00741nam a2200253 a 4500 | ||
|---|---|---|---|
| 001 | BRCA_1514 | ||
| 005 | 20190320203446.0 | ||
| 008 | 870728s2015####mx-a#####b---#001-0bspa-# | ||
| 020 | _a9684992041 | ||
| 041 | _aspa | ||
| 044 | _amx | ||
| 050 | 4 |
_aND259.K3 _b.Z36 2015 |
|
| 100 | 1 |
_aZamora, Martha _d1940- _94921 |
|
| 245 | 1 | 0 |
_aFrida _bel pincel de la angustia _cMartha Zamora. |
| 250 | _a4 | ||
| 260 |
_aMéxico _bM. Zamora _c2015 |
||
| 300 |
_a409 p. _bil. (algunas a color), retratos _c29 cm. |
||
| 500 | _aIncluye índice de nombres | ||
| 504 | _aBibliografía : p. 385-400 | ||
| 600 | 1 | 4 |
_aKahlo, Frida _d1907-1954 _94922 |
| 650 | 1 | 4 |
_aPintoras _ySiglo XX _zMéxico _94923 |
| 700 | 1 |
_aKahlo, Frida _d1907-1954 _94922 |
|
| 942 |
_2lcc _cB |
||
| 999 |
_c1369 _d1369 |
||